Elvis Presley 50s Albums - Statistics

General Stats
  • This quiz has been taken 30 times
    29 since last reset
  • The average score is 46 of 109
Answer Stats
Answer % Correct
Blue Suede Shoes
100%
Heartbreak Hotel
93%
Blue Christmas
87%
Don't
87%
Hound Dog
87%
King Creole
87%
Love Me
87%
Don't Be Cruel
80%
Loving You
80%
Blue Moon
73%
Jailhouse Rock
73%
Love Me Tender
73%
Teddy Bear
73%
Trouble
73%
Baby, Let's Play House
67%
Blue Moon of Kentucky
67%
Rip It Up
67%
All Shook Up
60%
One Night
60%
That's All Right
60%
Good Rockin' Tonight
53%
Hard Headed Woman
53%
I Was the One
53%
Lawdy, Miss Clawdy
53%
Mean Woman Blues
53%
Money Honey
53%
Mystery Train
53%
Trying to Get to You
53%
A Big Hunk O' Love
47%
Here Comes Santa Claus
47%
Old Shep
47%
Party
47%
Silent Night
47%
So Glad You're Mine
47%
Tutti Frutti
47%
When My Blue Moon Turns to Gold Again
47%
White Christmas
47%
Anyplace Is Paradise
40%
Any Way You Want Me
40%
Dixieland Rock
40%
How Do You Think I Feel
40%
I Got Stung
40%
I Want You, I Need You, I Love You
40%
Just Because
40%
Long Tall Sally
40%
Lover Doll
40%
Paralyzed
40%
As Long As I Have You
33%
Blueberry Hill
33%
Crawfish
33%
Danny
33%
Don't Ask Me Why
33%
Got a Lot O' Livin' to Do!
33%
Hot Dog
33%
I Got a Woman
33%
Let Me
33%
Lonesome Cowboy
33%
Milkcow Blues Boogie
33%
New Orleans
33%
Poor Boy
33%
Ready Teddy
33%
Santa Bring My Baby Back
33%
Too Much
33%
Treat Me Nice
33%
True Love
33%
Wear My Ring Around Your Neck
33%
We're Gonna Move
33%
A Fool Such as I
27%
Doncha' Think It's Time
27%
Don't Leave Me Now
27%
I Beg of You
27%
I Believe
27%
I'll Be Home for Christmas
27%
I Love You Because
27%
I'm Counting on You
27%
I'm Left, You're Right, She's Gone
27%
I Need Your Love Tonight
27%
My Wish Came True
27%
O Little Town of Bethlehem
27%
One-Sided Love Affair
27%
Playing for Keeps
27%
Santa Claus Is Back In Town
27%
Shake, Rattle and Roll
27%
Steadfast, Loyal and True
27%
That's When Your Heartaches Begin
27%
Baby I Don't Care
20%
First In Line
20%
Harbor Lights
20%
Have I Told You Lately That I Love You
20%
How's the World Treating You
20%
I Don't Care If the Sun Don't Shine
20%
I Forgot to Remember to Forget
20%
I'll Never Let You Go
20%
I'm Gonna Sit Right Down and Cry
20%
I Need You So
20%
I Want to Be Free
20%
My Baby Left Me
20%
Peace In the Valley
20%
Tell Me Why
20%
Young and Beautiful
20%
Young Dreams
20%
You're a Heartbreaker
20%
Is It so Strange
13%
It Is No Secret
13%
Take My Hand, Precious Lord
13%
No matching quizzes found
Score Distribution
Percent of People with Each Score
Percentile by Number Answered
Your Score History
You have not taken this quiz since the last reset